000 00682nam a2200205Ii 4500
003 JO-AjNU
008 230605s9999||||xx |||||||||||||| ||und||
017 _a2006/6/1502
040 _aJO-AjNU
_bara
_erda
_cJO-AjNU
041 _aara
050 1 4 _aBP76.2006
100 3 _aغانم،خالد محمد,
_eauthor
_913862
245 0 0 _aألقاب الصحابة
264 3 1 _aعمان:دار جهينة للنشر والتوزيع ،2006
300 _a167ص
336 _atext
_btxt
_2rdacontent
337 _aunmediated
_bn
_2rdamedia
338 _avolume
_bnc
_2rdacarrier
650 4 _aالاسلام-التاريخ الاسلامي-السيرة النبوية-الصحابة
_913863
999 _aA3560
_c7128
_d7128